[Event "15th ch-SLO w"]
[Site "Ptuj SLO"]
[Date "2005.08.13"]
[Round "2"]
[White "Ursic,Sim"]
[Black "Vombek,D"]
[Result "0-1"]
[WhiteElo "1995"]
[BlackElo "2340"]

1.e4 c5 2.c3 Nf6 3.e5 Nd5 4.d4 cxd4 5.Nf3 e6 6.cxd4 b6 7.Nc3 Nxc3 8.bxc3 Qc7
9.Bd2 Bb7 10.Bd3 d6 11.O-O Nd7 12.Ng5 dxe5 13.Qh5 g6 14.Qh3 Be7 15.Rae1 Bd5
16.c4 Bxc4 17.Rc1 b5 18.Qf3 O-O 19.Bxc4 bxc4 20.Nxf7 exd4 21.Nh6+ Kh8 22.Qg4 Bf6
23.Bb4 Rfe8 24.Nf7+ Kg7 25.Nd6 Reb8 26.Rxc4 Qd8 27.Qxe6 Ne5 28.Rfc1 Nxc4
29.Rxc4 d3 30.Qf7+ Kh8 31.Qd5 Qb6 32.Qxd3 a5 33.Rf4 axb4 34.Rxf6 Rxa2 35.Qb1 Qa5
36.Nf7+ Kg7  0-1

[Event "Masters"]
[Site "Abu Dhabi UAE"]
[Date "2005.08.14"]
[Round "1"]
[White "Paridar,S"]
[Black "Kurnosov,I"]
[Result "0-1"]
[WhiteElo "2263"]
[BlackElo "2549"]

1.e4 c5 2.c3 Nf6 3.e5 Nd5 4.d4 cxd4 5.Nf3 Nc6 6.cxd4 d6 7.Bc4 Nb6 8.Bb5 d5
9.Nh4 Bd7 10.Nc3 e6 11.Nf3 Be7 12.h4 Rc8 13.Bd3 a6 14.Rh3 h6 15.h5 Qc7 16.Bb1 Na5
17.Ng1 Na4 18.Qg4 Bf8 19.Nge2 Nxc3 20.Nxc3 Nc6 21.Rf3 Qb6 22.Rf4 Na7 23.Qf3 Nb5
24.Rxf7 Nxd4 25.Qf4 Nf5 26.Bxf5 exf5 27.Rxd7 Kxd7 28.Qxf5+ Qe6 29.Qf4 Bc5
30.Qg3 Rhf8 31.f4 Kc7 32.Qxg7+ Kb8 33.Qg6 Qe7 34.Nxd5 Qh4+ 35.g3 Qh1+  0-1

[Event "ch-AUT Qualifier"]
[Site "Gmunden AUT"]
[Date "2005.08.14"]
[Round "2"]
[White "Woeber,F"]
[Black "Sandhoefner,F"]
[Result "1/2-1/2"]
[WhiteElo "2186"]
[BlackElo "2322"]

1.e4 c5 2.c3 Nf6 3.e5 Nd5 4.d4 cxd4 5.Nf3 Nc6 6.Bc4 Nb6 7.Bb3 d5 8.exd6 Qxd6
9.O-O Be6 10.Na3 Bxb3 11.Qxb3 e6 12.Nb5 Qd7 13.Nbxd4 Nxd4  1/2-1/2

[Event "14th Open"]
[Site "Kavala GRE"]
[Date "2005.08.14"]
[Round "4"]
[White "Skiadopoulos,N"]
[Black "Shavtvaladze,N"]
[Result "0-1"]
[WhiteElo "2221"]
[BlackElo "2371"]

1.e4 c5 2.c3 Nf6 3.e5 Nd5 4.d4 cxd4 5.Nf3 e6 6.cxd4 b6 7.Nc3 Nxc3 8.bxc3 Qc7
9.Bd2 Bb7 10.Bd3 d6 11.O-O Nd7 12.Re1 dxe5 13.Nxe5 Nxe5 14.Rxe5 Bd6 15.Rh5 g6
16.Rh3 O-O 17.Qg4 f5 18.Qe2 Rfe8 19.Bb5 Bc6 20.Bc4 Bd5 21.Bb5 Rec8 22.Ba6 Bc4
23.Bxc4 Qxc4 24.Qe3 Rc7 25.f4 b5 26.Rb1 a6 27.Rb3 Qd5 28.Qe2 Rc4 29.Rd3 Ra4
30.Rb2 Rxa2 31.Rxa2 Qxa2 32.d5 Re8 33.g3 e5 34.fxe5 Rxe5 35.Qf3 a5 36.Kg2 a4
37.Kh3 a3 38.Rd4 Qc2 39.Qf1 a2  0-1

[Event "15th ch-SLO w"]
[Site "Ptuj SLO"]
[Date "2005.08.14"]
[Round "4"]
[White "Ursic,M"]
[Black "Vombek,D"]
[Result "1/2-1/2"]
[WhiteElo "2036"]
[BlackElo "2340"]

1.e4 c5 2.c3 Nf6 3.e5 Nd5 4.d4 cxd4 5.cxd4 e6 6.Bc4 Nb6 7.Bb3 Nc6 8.Nf3 d6
9.Qe2 Be7 10.O-O O-O 11.Nc3 a6 12.Qe4 Re8 13.Bc2 g6 14.a3 f5 15.exf6 Bxf6
16.Bh6 Qe7 17.Rfe1 Bd7 18.Qd3 Qf7 19.Ne4 Be7 20.Nfg5 Qf5 21.Qd1 Qd5 22.Bb3 Qxd4
23.Bxe6+ Bxe6 24.Nxe6 Qxd1 25.Raxd1 Rac8 26.Kf1 Nc4 27.Re2 N6e5 28.Bg5 Nf7
29.Nf6+ Bxf6 30.Bxf6 Nce5 31.Nf4 Nc4 32.Rde1 Rxe2 33.Rxe2 b5 34.Nd5 Kf8 35.Be7+ Kg8
36.Bg5 Kf8 37.Be7+ Kg8 38.Bf6 Kf8 39.Rc2 Rc5  1/2-1/2

[Event "FSIMC August"]
[Site "Budapest HUN"]
[Date "2005.08.16"]
[Round "11"]
[White "Pedersen,Da"]
[Black "Braghetta,S"]
[Result "1-0"]
[WhiteElo "2296"]
[BlackElo "2264"]

1.e4 c5 2.c3 Nf6 3.e5 Nd5 4.d4 cxd4 5.Nf3 b6 6.cxd4 e6 7.Bd3 Ba6 8.O-O Be7
9.Nc3 Nxc3 10.bxc3 Bxd3 11.Qxd3 d5 12.exd6 Qxd6 13.Ba3 Qc7 14.Bxe7 Kxe7 15.d5 exd5
16.Qxd5 Rd8 17.Qe4+ Kf8 18.Qxh7  1-0

[Event "Independence Cup A"]
[Site "Kiev UKR"]
[Date "2005.08.16"]
[Round "5"]
[White "Katsman,M"]
[Black "Brozhik,V"]
[Result "1-0"]
[WhiteElo "2262"]
[BlackElo "2149"]

1.e4 c5 2.c3 Nf6 3.e5 Nd5 4.Bc4 e6 5.Nf3 d6 6.exd6 Bxd6 7.O-O O-O 8.d4 cxd4
9.Qxd4 Nc6 10.Qg4 Nf6 11.Qh4 Ne7 12.Qd4 Nf5 13.Qd1 Qc7 14.Bd3 Rd8 15.Qc2 Bd7
16.Bg5 Be7 17.Bxf5 exf5 18.Re1 Be6 19.Nbd2 h6 20.Be3 Ng4 21.Nb3 f4 22.Bd4 b5
23.h3 Nf6 24.Be5 Qc8 25.Nbd4 Bd7 26.Bxf4 Nd5 27.Bg3 Bf6 28.Be5 b4 29.Bxf6 Nxf6
30.cxb4 Qxc2 31.Nxc2 Rac8 32.Ncd4 Nd5 33.a3 Nf4 34.Re3 Ne6 35.Nxe6 Bxe6 36.Rc3 Rb8
37.Rc5 Rd3 38.Rac1 Rb3 39.Nd4 Rxb2 40.Nxe6 fxe6 41.Rc8+ Rxc8 42.Rxc8+ Kh7
43.Ra8 Rb3 44.Rxa7 Kg6 45.Ra5 Kf6 46.b5 Kf5 47.a4 Kf4 48.Kh2 e5 49.f3 g5
50.Ra6 h5 51.b6 h4 52.a5 Rb1 53.Ra7 Rb5 54.b7 g4 55.hxg4  1-0

[Event "14th Open"]
[Site "Kavala GRE"]
[Date "2005.08.17"]
[Round "7"]
[White "Vajda,L"]
[Black "Aroshidze,L"]
[Result "1/2-1/2"]
[WhiteElo "2541"]
[BlackElo "2463"]

1.e4 c5 2.c3 Nf6 3.e5 Nd5 4.d4 cxd4 5.Nf3 Nc6 6.cxd4 d6 7.Bc4 Nb6 8.Bb5 dxe5
9.Nxe5 Bd7 10.Nxd7 Qxd7 11.Nc3 Rd8 12.O-O Qxd4 13.Qxd4 Rxd4 14.Be3 Rd7 15.Rac1 e5
16.Ne4 f5 17.Ng5 Be7 18.Rxc6 bxc6 19.Bxc6 O-O 20.Bxd7 Nxd7 21.Rd1 Nb6 22.b3 Rc8
23.a4 f4 24.Bxb6 axb6 25.Ne4 Kf7 26.Kf1 Ke6 27.Ke2 Bb4 28.h4 Be7 29.h5 Bb4
30.Kf3 Be7 31.Kg4 Rc2 32.Rd2 Rc1 33.Rd3 Rb1 34.Kf3 Kf5 35.Nd2 Re1 36.Rd5 Bc5  1/2-1/2

[Event "ch-AUT"]
[Site "Gmunden AUT"]
[Date "2005.08.18"]
[Round "8"]
[White "Ragger,M"]
[Black "Freitag,M"]
[Result "1/2-1/2"]
[WhiteElo "2434"]
[BlackElo "2402"]

1.e4 c5 2.c3 Nf6 3.e5 Nd5 4.Nf3 Nc6 5.b4 cxb4 6.c4 Nc7 7.d4 d5 8.exd6 exd6
9.d5 Ne5 10.Bb2 Bg4 11.Qb3 Bxf3 12.gxf3 Be7 13.f4 Nd7 14.Bxg7 Bf6 15.Qe3+ Qe7
16.Bxf6 Nxf6 17.Nd2 Ng4 18.Qxe7+ Kxe7 19.f3 Nf6 20.Kf2 Nh5 21.Re1+ Kf8 22.Ne4 Rd8
23.Rb1 a5 24.a3 Na6 25.c5 dxc5 26.Bxa6 bxa6 27.Nxc5 Rxd5 28.axb4 Nxf4 29.Rhd1 Rg5
30.Rd4 Nh3+ 31.Ke3 axb4 32.Nxa6 Re5+ 33.Re4 Ra5 34.Nxb4 Ng5 35.Rd4 Ne6 36.Rc4 Ra3+
37.Kf2 Ra8 38.Nd3  1/2-1/2

[Event "14th Open"]
[Site "Kavala GRE"]
[Date "2005.08.18"]
[Round "8"]
[White "Vajda,L"]
[Black "Marjanovic,Slavo"]
[Result "1/2-1/2"]
[WhiteElo "2541"]
[BlackElo "2484"]

1.e4 c5 2.c3 Nf6 3.e5 Nd5 4.d4 cxd4 5.Nf3 e6 6.cxd4 d6 7.Bc4 Nb6 8.Bd3 dxe5
9.dxe5 Na6 10.Bg5 Bb4+ 11.Nc3 Bxc3+ 12.bxc3 Qc7 13.O-O Bd7 14.a4 h6 15.Bc1 Rd8
16.Qe2 Nc5 17.Ba3 a6 18.Bc2 Nd5 19.c4 Ne7 20.Qe3 Rc8 21.Rfd1 a5 22.Rd4 b6
23.Rg4 Kf8 24.h4 Kg8 25.Qd4 Nf5 26.Bxf5 exf5 27.Rxg7+ Kxg7 28.e6+ f6 29.exd7 Rcd8
30.Bb2 Rhf8 31.Qe3 Rxd7 32.Ne5 f4 33.Qxf4 Kg8 34.Qg4+ Rg7 35.Ng6 Nd3 36.Qe6+ Qf7
37.Nxf8 Nxb2 38.Qxb6 Nxc4 39.Qe6 Ne5 40.Rc1 Rg4 41.f4 Rxf4 42.Rc8 Rc4 43.Ng6+ Rxc8
44.Qxc8+ Kg7 45.Nxe5 fxe5 46.Qg4+ Kh8 47.Qc8+ Kh7 48.Qc2+ Kg7 49.Qc5 Qf4
50.Qxa5 Qd4+ 51.Kf1 Qc4+ 52.Kg1 Qd4+ 53.Kf1  1/2-1/2

[Event "ch-FRA w"]
[Site "Chartres FRA"]
[Date "2005.08.19"]
[Round "5"]
[White "Benmesbah,N"]
[Black "Muller,A"]
[Result "1-0"]
[WhiteElo "2127"]
[BlackElo "2169"]

1.e4 c5 2.c3 Nf6 3.e5 Nd5 4.d4 cxd4 5.Nf3 e6 6.cxd4 d6 7.Bc4 Nb6 8.Bb3 Nc6
9.O-O Be7 10.Nc3 dxe5 11.dxe5 Qxd1 12.Rxd1 Nd7 13.Nb5 O-O 14.Nc7 Rb8 15.Nxe6 Ndxe5
16.Nxf8 Nxf3+ 17.gxf3 Bxf8 18.Bf4 Ra8 19.Rac1 Bh3 20.Ba4 Rc8 21.Bxc6 bxc6
22.Bd6 Be6 23.b3 g6 24.Bxf8 Kxf8 25.Rd6 c5 26.Ra6 Bd5 27.Rxa7 Bxf3 28.Ra5 Rd8
29.Raxc5  1-0

[Event "41st Rubinstein Mem Open A"]
[Site "Polanica Zdroj POL"]
[Date "2005.08.19"]
[Round "1"]
[White "Dudzinski,Pi"]
[Black "Czakon,J"]
[Result "1/2-1/2"]
[WhiteElo "2222"]
[BlackElo "2461"]

1.e4 c5 2.c3 Nf6 3.e5 Nd5 4.d4 cxd4 5.cxd4 d6 6.exd6 e6 7.Nc3 Nxc3 8.bxc3 Bxd6
9.Nf3 Nd7 10.Bd3 b6 11.O-O Bb7 12.Bb2 O-O 13.h3 Qf6 14.Re1 Bxf3 15.Qxf3 Qxf3
16.gxf3 Rfd8 17.c4 Rac8 18.Rad1 Nf8 19.d5 exd5 20.cxd5 Ng6 21.Re4 Rc5 22.Bf1 Rc2
23.Re2 Rxe2 24.Bxe2 Nf4 25.Bf1 Bc5 26.Be5 Rxd5 27.Rxd5 Nxd5 28.a4 a5 29.Bc4 Ne7
30.Kf1 Ng6 31.Bb8 Kf8 32.Ke2 Ke7 33.Bc7 Nf8 34.Be5 f6 35.Bg3 Bd6 36.f4 g5
37.fxg5 fxg5 38.Kf3 Bxg3 39.fxg3 Nd7 40.Bb5 Nf6 41.h4 h6 42.hxg5 hxg5 43.Ke3 Kd6
44.Kd4 Nh5 45.g4 Nf6 46.Be2 Nd7 47.Bf3 Ne5 48.Bd1 Ng6 49.Bc2 Ne7 50.Bd1 Nd5
51.Bb3 Nc7 52.Ke4 Kc5 53.Kf5 Kb4 54.Bd1 Nd5 55.Kxg5 Ne3 56.Kf4  1/2-1/2

[Event "2nd Dato' Arthur Tan Malaysian Open"]
[Site "Kuala Lumpur MAS"]
[Date "2005.08.20"]
[Round "1"]
[White "Goh,B"]
[Black "Situru,N"]
[Result "0-1"]
[WhiteElo "2035"]
[BlackElo "2382"]

1.e4 c5 2.c3 Nf6 3.e5 Nd5 4.Nf3 e6 5.Bc4 Nb6 6.Bb3 c4 7.Bc2 Qc7 8.O-O Nc6
9.Qe2 Be7 10.a4 g5 11.a5 Nd5 12.Qxc4 Nxe5 13.Nxe5 Qxe5 14.d4 Qg7 15.Be4 Nf6
16.Bc2 a6 17.Nd2 O-O 18.Qe2 d5 19.Nf3 Ne8 20.Ne5 f6 21.Nd3 Bd6 22.Re1 Nc7
23.Bb3 Bd7 24.c4 Kh8 25.Bd2 Rae8 26.Bc3 Bc6 27.Qd2 Qh6 28.h3 dxc4 29.Bxc4 Rg8
30.Nc5 Bf4 31.Qd3 g4 32.Nxe6 gxh3 33.Nxf4 Qxf4 34.Rxe8 h2+  0-1

[Event "3rd Staunton Memorial"]
[Site "London ENG"]
[Date "2005.08.20"]
[Round "2"]
[White "Howell,D"]
[Black "McNab,C"]
[Result "1-0"]
[WhiteElo "2471"]
[BlackElo "2451"]

1.e4 c5 2.c3 Nf6 3.e5 Nd5 4.d4 cxd4 5.Nf3 e6 6.Bc4 Nb6 7.Bb3 d6 8.cxd4 dxe5
9.Nxe5 Nc6 10.Nf3 Be7 11.Nc3 O-O 12.O-O Bd7 13.Re1 Nb4 14.Ne5 N4d5 15.Qd3 a5
16.a3 a4 17.Bc2 f5 18.Bb1 Be8 19.Ba2 Kh8 20.Nc4 Nxc4 21.Bxc4 Bf6 22.Rxe6 Nb6
23.Bb5 Bxd4 24.Bf4 Bc5 25.Qxd8 Rxd8 26.Bc7 Bxb5 27.Bxd8 Bc6 28.Be7 Bxe7 29.Rxe7 Nc4
30.Re2 Rd8 31.Rd1 Rxd1+ 32.Nxd1 Kg8 33.Ne3 Nxe3 34.Rxe3 f4 35.Re7 Kf8 36.Rc7 h5
37.h4 Kg8 38.g3 f3 39.Kf1 Kh7 40.Ke1 Kg6 41.Kd2 Kf6 42.Ke3 g5 43.Rh7 Kg6
44.Rh8 g4 45.Kf4 Bd5 46.Rd8  1-0

[Event "Masters"]
[Site "Abu Dhabi UAE"]
[Date "2005.08.21"]
[Round "7"]
[White "Mahjoob,M"]
[Black "Raetsky,A"]
[Result "0-1"]
[WhiteElo "2442"]
[BlackElo "2453"]

1.e4 c5 2.c3 Nf6 3.e5 Nd5 4.d4 cxd4 5.Nf3 Nc6 6.cxd4 g6 7.Bc4 Nb6 8.Bb3 Bg7
9.d5 Nxe5 10.Nxe5 Bxe5 11.Bh6 Bxb2 12.Nd2 d6 13.Rb1 Ba3 14.O-O Bf5 15.Ba4+ Bd7
16.Bc2 Qc7 17.Re1 Nxd5 18.Bb3 Nb6 19.Bxf7+ Kxf7 20.Qb3+ d5 21.Qxa3 Qd6 22.Qf3+ Qf6
23.Qg3 Rhe8 24.Bg5 Qf5 25.Rb3 Kg8 26.h3 e5 27.Rf3 Qc2 28.Rxe5 Qxa2 29.Kh2 Qb2
30.Rc3 Rxe5 31.Qxe5 Re8 32.Qd4 Na4 33.Nb1 Nxc3 34.Nxc3 Qb6 35.Qxd5+ Qe6 36.Qxb7 Bc6
37.Qb4 Qe5+ 38.Bf4 a5 39.Qc4+ Qe6 40.Qd4 h5 41.f3 Re7 42.Qc5 a4 43.Bd6 Rd7
44.Be5 Rd2 45.Kg3 a3 46.Bf4 a2 47.Qa7 Rc2 48.Qb8+ Be8  0-1

[Event "2nd Dato' Arthur Tan Malaysian Open"]
[Site "Kuala Lumpur MAS"]
[Date "2005.08.22"]
[Round "5"]
[White "Lim Chuing Hoong"]
[Black "Situru,N"]
[Result "0-1"]
[WhiteElo "2239"]
[BlackElo "2382"]

1.e4 c5 2.c3 Nf6 3.e5 Nd5 4.d4 cxd4 5.Nf3 e6 6.cxd4 d6 7.Bc4 dxe5 8.dxe5 Be7
9.O-O O-O 10.Qe2 Qc7 11.Qe4 Rd8 12.Ng5 g6 13.Qh4 h5 14.Qe4 Nc6 15.Re1 Bf8
16.Nf3 a6 17.Bg5 Nde7 18.Nbd2 b5 19.Bb3 Bb7 20.Rac1 Qb6 21.Be3 Qa5 22.Bc5 Rd7
23.Qf4 Nd8 24.Ne4 Bxe4 25.Qxe4 Nb7 26.Red1 Rad8 27.Rxd7 Rxd7 28.Bxe7 Rxe7
29.Nd4 Rc7 30.Rd1 Nc5 31.Qf3 Nxb3 32.axb3 Qa2 33.h3 Qxb2 34.Qe4 Rd7 35.Rd3 Rd5
36.Kh2 Qxf2 37.Nxe6 Rxd3 38.Qxd3 fxe6 39.Qxg6+ Bg7 40.Qe8+ Qf8 41.Qxe6+ Kh7
42.Qxa6 Bxe5+  0-1

[Event "2nd Dato' Arthur Tan Malaysian Open"]
[Site "Kuala Lumpur MAS"]
[Date "2005.08.23"]
[Round "7"]
[White "Lim Yee Weng"]
[Black "Dao Thien Hai"]
[Result "1/2-1/2"]
[WhiteElo "2348"]
[BlackElo "2601"]

1.e4 c5 2.c3 Nf6 3.e5 Nd5 4.d4 cxd4 5.Nf3 Nc6 6.Bc4 Nb6 7.Bb3 g6 8.Ng5 d5
9.exd6 e6 10.Qf3 Ne5 11.Qe4 Qxd6 12.cxd4 Nc6 13.Nf3 Bg7 14.Bf4 Qd8 15.O-O O-O
16.Rd1 Nd5 17.Bg5 f6 18.Bd2 Qd7 19.Nc3 Rd8 20.Rac1 Qf7 21.a3 Nce7 22.Nb5 Nc6
23.Nc3 Rb8 24.h3 Nce7 25.Re1 Bd7 26.Nxd5 Nxd5 27.Bxd5 exd5 28.Qf4 Bc6 29.Bb4 Re8
30.Re7 Rxe7 31.Qxb8+ Re8 32.Qxa7 g5 33.Qc5 h5 34.Re1  1/2-1/2

[Event "Iranian Super League"]
[Site "Iran IRI"]
[Date "2005.08.25"]
[Round "8"]
[White "Paridar,S"]
[Black "Mohandesi,S"]
[Result "1-0"]
[WhiteElo "2263"]
[BlackElo "2328"]

1.e4 c5 2.c3 Nf6 3.e5 Nd5 4.d4 cxd4 5.Nf3 e6 6.cxd4 b6 7.Nc3 Nxc3 8.bxc3 Qc7
9.Bd2 d6 10.Bd3 Nd7 11.O-O Bb7 12.Ng5 dxe5 13.Qh5 g6 14.Qh3 Bg7 15.Rae1 Rc8
16.f4 e4 17.Bxe4 Bxe4 18.Rxe4 Nf6 19.Rxe6+ Kf8 20.Rfe1 Rd8 21.Bc1 h6 22.Ba3+ Kg8
23.Re7 Qxf4 24.Nxf7 Ng4 25.Nxd8 Bxd4+ 26.cxd4 Qxd4+ 27.R7e3  1-0

[Event "XVI ch-NATO"]
[Site "Kolobrzeg POL"]
[Date "2005.08.26"]
[Round "6"]
[White "Nielsen,RO"]
[Black "Keough,R"]
[Result "1/2-1/2"]
[WhiteElo "2235"]
[BlackElo "2076"]

1.e4 c5 2.c3 Nf6 3.e5 Nd5 4.d4 cxd4 5.Bc4 Nb6 6.Bb3 d6 7.Nf3 e6 8.cxd4 Nc6
9.exd6 Bxd6 10.Nc3 O-O 11.O-O Nd5 12.Qd3 Re8 13.Bg5 Be7 14.Bxe7 Ncxe7 15.Ne5 Ng6
16.Ne4 Ndf4 17.Qc2 Qxd4 18.Nxg6 hxg6  1/2-1/2

[Event "Nordic Championships w"]
[Site "Vammala FIN"]
[Date "2005.08.27"]
[Round "2"]
[White "Walta,P"]
[Black "Johansson,V"]
[Result "1/2-1/2"]
[WhiteElo "1826"]
[BlackElo "2218"]

1.e4 c5 2.c3 Nf6 3.e5 Nd5 4.d4 cxd4 5.Nf3 Nc6 6.cxd4 d6 7.a3 e6 8.Bd3 Be7
9.O-O O-O 10.Re1 Qb6 11.Bc2 dxe5 12.dxe5 Rd8 13.Qe2 Nd4 14.Nxd4 Qxd4 15.g3 Bd7
16.Nd2 Rac8 17.Nf3 Qc5 18.Bd3 Bc6 19.Ng5 Bxg5 20.Bxg5 Rd7 21.Rac1 Qf8 22.Rc4 g6
23.Rh4  1/2-1/2

[Event "VIII Bancpost & Ciuc-Premium A"]
[Site "Miercurea Ciuc ROM"]
[Date "2005.08.28"]
[Round "9"]
[White "Szakats,S"]
[Black "Roeber,J"]
[Result "1/2-1/2"]
[WhiteElo "1819"]
[BlackElo "2054"]

1.e4 c5 2.c3 Nf6 3.e5 Nd5 4.Nf3 e6 5.c4 Nb4 6.d4 cxd4 7.Nxd4 N8c6 8.Nf3 d6
9.a3 Na6 10.Bf4 dxe5 11.Qxd8+  1/2-1/2

[Event "4th Open"]
[Site "Lahijan IRI"]
[Date "2005.08.29"]
[Round "5"]
[White "Mohajerin,P"]
[Black "Nazari,S"]
[Result "1-0"]
[WhiteElo "2334"]
[BlackElo "2164"]

1.e4 c5 2.c3 Nf6 3.e5 Nd5 4.d4 cxd4 5.Nf3 Nc6 6.cxd4 d6 7.exd6 Qxd6 8.Nc3 a6
9.Bc4 e6 10.O-O Be7 11.Bd3 Nf6 12.a3 O-O 13.Be3 Rd8 14.Qe2 b5 15.Rad1 Qb8
16.Bb1 b4 17.axb4 Nxb4 18.Ne5 a5 19.Rfe1 Bb7 20.Bg5 Ba6 21.Qf3 Qb7 22.Qh3 Qb6
23.Bxf6 Bxf6 24.Qxh7+ Kf8 25.d5 Rac8 26.d6 Rxd6 27.Nd7+ Rxd7 28.Rxd7 Ke8
29.Red1 Qc5 30.Ne4 Qf8 31.Nxf6+ gxf6 32.Bg6  1-0

[Event "Premiership International"]
[Site "Coulsdon ENG"]
[Date "2005.08.30"]
[Round "2"]
[White "Buckley,G"]
[Black "Snape,I"]
[Result "1/2-1/2"]
[WhiteElo "2391"]
[BlackElo "2267"]

1.e4 c5 2.c3 Nf6 3.e5 Nd5 4.Nf3 b6 5.d4 cxd4 6.Bd3 Bb7 7.O-O e6 8.Ng5 Ne3
9.Bxe3 dxe3 10.Qg4 e2 11.Re1 Nc6 12.Rxe2 Qc7 13.Qg3 h6 14.Nf3 O-O-O 15.Nbd2 d6  1/2-1/2

[Event "OCF Challengers"]
[Site "Tulsa USA"]
[Date "2005.09.04"]
[Round "4"]
[White "Galant,S"]
[Black "Ellis,J"]
[Result "0-1"]
[WhiteElo "2211"]
[BlackElo "2119"]

1.e4 c5 2.c3 Nf6 3.e5 Nd5 4.Nf3 Nc6 5.Bc4 Nb6 6.Bb3 c4 7.Bc2 Qc7 8.Qe2 g5
9.Nxg5 Qxe5 10.Qxe5 Nxe5 11.f4 h6 12.Ne4 Ng6 13.d4 cxd3 14.Bxd3 a6 15.O-O f5
16.Ng3 e6 17.Kh1 Nd5 18.Bc4 Nf6 19.a4 b6 20.Be3 Rb8 21.Bd4 Be7 22.Nd2 Nh4
23.Nf3 Nxf3 24.Rxf3 Bb7 25.Re3 Rg8 26.Bxf6 Bxf6 27.Rae1 Kd8 28.R1e2 Rg4 29.Bxe6 dxe6
30.Rxe6 Bh4 31.Rxh6 Rxf4 32.Kg1 Be7 33.Rd2+ Kc7 34.Rh7 Re8 35.Nh5 Rh4 36.g3 Rh3
37.Re2 Kd8 38.Rh6 Bc5+  0-1

[Event "IX Taca BCX"]
[Site "Brasiliat BRA"]
[Date "2005.09.10"]
[Round "9"]
[White "Machado,G"]
[Black "Andrade,Rob"]
[Result "0-1"]
[WhiteElo "2037"]
[BlackElo "2261"]

1.e4 c5 2.c3 Nf6 3.e5 Nd5 4.d4 cxd4 5.cxd4 Nc6 6.Nf3 d6 7.a3 Bf5 8.Bc4 Nb6
9.Bb5 a6 10.Be2 dxe5 11.dxe5 Qxd1+ 12.Bxd1 Nc4 13.O-O N4xe5 14.Bf4 Nd3 15.Bc7 Rc8
16.Bb6 Nxb2 17.Bb3 g6 18.Nbd2 Bg7 19.Ra2 Bd3 20.Re1 O-O 21.Re3 Bf5 22.h3 h5
23.Nh4 Rfe8 24.Nxf5 gxf5 25.Rg3 Kf8 26.Rxg7 Kxg7 27.Rxb2 Ne5 28.Ba4 Rc1+
29.Kh2 Nc6 30.Nf3 e5 31.Bc7 b5 32.Bb3 e4 33.Nh4 Nd4 34.Bf4 Rc3 35.Bd1 Kf6
36.a4 Rd3 37.Rd2 Rxd2 38.Bxd2 Rd8 39.Ba5 Rd5 40.axb5 axb5 41.Bc3 Kg5 42.g3 f4
43.Ng2 fxg3+ 44.fxg3 Nf3+ 45.Bxf3 exf3 46.h4+ Kh6 47.Nf4 Rc5 48.Bb4 Rc2+
49.Kh3 Rc1 50.Kh2 f2  0-1

[Event "EYg18"]
[Site "Herceg Novi SCG"]
[Date "2005.09.16"]
[Round "3"]
[White "Burtasova,A"]
[Black "Rogule,L"]
[Result "0-1"]
[WhiteElo "2239"]
[BlackElo "2310"]

1.e4 c5 2.c3 Nf6 3.e5 Nd5 4.d4 cxd4 5.Nf3 Nc6 6.cxd4 d6 7.Bc4 Nb6 8.Bb5 dxe5
9.Nxe5 Bd7 10.Nxd7 Qxd7 11.Nc3 e6 12.O-O Be7 13.Qg4 Bf6 14.Rd1 Rd8 15.Ne4 Qe7
16.Nxf6+ Qxf6 17.Bg5 Qg6 18.Qg3 f6 19.Bf4 Qxg3 20.Bxg3 Rd5 21.Bxc6+ bxc6
22.Rac1 Kd7 23.Rd3 Ra5 24.a3 Rc8 25.Rc5 Rb5 26.b3 Nd5 27.h4 Ra8 28.Kf1 a6
29.Ke2 Ra7 30.Kd2 Rab7 31.Kc2 Rxc5+ 32.dxc5 e5 33.f3 Ke6 34.Be1 f5 35.b4 h6
36.Kb3 a5 37.Kc4 axb4 38.axb4 Ra7 39.Bd2 g5 40.hxg5 hxg5 41.g4 f4 42.Rb3 Ra2
43.Kd3 Nc7 44.Rb1 Nb5 45.Rh1 Kd5 46.Rh6 Ra3+ 47.Ke2 Nd4+ 48.Kd1 Rb3 49.Rd6+ Kc4  0-1

[Event "EYb18"]
[Site "Herceg Novi SCG"]
[Date "2005.09.16"]
[Round "3"]
[White "Kaplan,S"]
[Black "Czarnota,P"]
[Result "0-1"]
[WhiteElo "2374"]
[BlackElo "2461"]

1.e4 c5 2.c3 Nf6 3.e5 Nd5 4.d4 cxd4 5.Nf3 e6 6.cxd4 b6 7.Nc3 Nxc3 8.bxc3 Qc7
9.Bd2 d6 10.Bd3 Nd7 11.O-O Bb7 12.Bf4 Be7 13.Rc1 O-O 14.Bb1 dxe5 15.Nxe5 Nxe5
16.Bxe5 Bd6 17.f4 g6 18.Qe1 f6 19.Bxd6 Qxd6 20.a4 Ba6 21.Rf3 Rac8 22.h4 Bc4
23.h5 f5 24.Qh4 Qd8 25.Qxd8 Rfxd8 26.hxg6 hxg6 27.Bd3 Kf7 28.Bxc4 Rxc4 29.Ra1 Rd5
30.Re3 Ra5 31.Rae1 Rc6 32.c4 Rxa4 33.d5 exd5 34.cxd5 Rd6 35.Re7+ Kf6 36.Rc7 Rxf4
37.Rxa7 Rd4 38.Re8 R6xd5 39.Rb7 Kg5 40.Re3 Rb5 41.Rf7 Kg4 42.Re2 g5 43.Kf2 Rd1
44.Rg7 Rdb1  0-1

[Event "Geller mem Open A"]
[Site "Odessa UKR"]
[Date "2005.09.16"]
[Round "2"]
[White "Fingerov,D"]
[Black "Gasanov,E"]
[Result "0-1"]
[WhiteElo "2358"]
[BlackElo "2427"]

1.e4 c5 2.c3 Nf6 3.e5 Nd5 4.d4 cxd4 5.Qxd4 e6 6.Nf3 Nc6 7.Qe4 d6 8.Be2 Qc7
9.c4 Nxe5 10.Nxe5 dxe5 11.O-O Nf6 12.Qe3 Bc5 13.Qg3 O-O 14.Nc3 Bd7 15.Bg5 Be7
16.f4 Qc5+ 17.Kh1 exf4 18.Qxf4 Bc6 19.Rad1 Rad8 20.Bh4 b6 21.Bf2 Qf5 22.Qc7 Rxd1
23.Bxd1 Qd3 24.Be2 Qd7 25.Qg3 Qd6 26.Qe3 Rd8 27.Rd1 Qc7 28.Rxd8+ Qxd8 29.Kg1 Bc5
30.Qf4 Bxf2+ 31.Kxf2 g6 32.g4 Nd7 33.g5 Qe7 34.h4 Qc5+ 35.Ke1 Qe5 36.Qf2 Nc5
37.Kd2 Qxc3+ 38.bxc3 Ne4+ 39.Ke3 Nxf2 40.Kxf2 e5 41.Bf3 Bxf3 42.Kxf3 f5  0-1

[Event "Open"]
[Site "Bucharest ROM"]
[Date "2005.09.17"]
[Round "1"]
[White "Vajda,L"]
[Black "Tacu,V"]
[Result "1-0"]
[WhiteElo "2541"]
[BlackElo "2160"]

1.e4 c5 2.c3 Nf6 3.e5 Nd5 4.d4 cxd4 5.Nf3 Nc6 6.Bc4 Nb6 7.Bb3 d6 8.exd6 Qxd6
9.Na3 a6 10.Nxd4 Nxd4 11.cxd4 Bd7 12.Qf3 e6 13.Qxb7 Rb8 14.Qxa6 Qxd4 15.O-O Nd5
16.Rd1 Qg4 17.h3 Qf5 18.Bxd5 exd5 19.Re1+ Be7 20.Qd6  1-0

[Event "4th Kesarovski - Georgiev Memorial"]
[Site "Sunny Beach BUL"]
[Date "2005.09.17"]
[Round "2"]
[White "Angelov,K"]
[Black "Dimitrov,Vl"]
[Result "0-1"]
[WhiteElo "2232"]
[BlackElo "2418"]

1.e4 c5 2.c3 Nf6 3.e5 Nd5 4.d4 cxd4 5.Nf3 e6 6.cxd4 d6 7.a3 Bd7 8.Bd3 Bc6
9.O-O Nd7 10.Ng5 dxe5 11.Qh5 g6 12.Qh3 Bg7 13.Nc3 Qe7 14.Re1 h6 15.Nf3 exd4
16.Ne2 Nc5 17.Nfxd4 Nxd3 18.Qxd3 O-O 19.Nxc6 bxc6 20.Nd4 Qd6 21.Qc4  0-1

[Event "EYg18"]
[Site "Herceg Novi SCG"]
[Date "2005.09.18"]
[Round "5"]
[White "Zakoucka,A"]
[Black "Limontaite,S"]
[Result "0-1"]
[WhiteElo "2031"]
[BlackElo "2095"]

1.e4 c5 2.c3 Nf6 3.e5 Nd5 4.d4 cxd4 5.Nf3 Nc6 6.cxd4 d6 7.exd6 Qxd6 8.Nc3 g6
9.Bc4 Nb6 10.Bb3 Bf5 11.O-O Bg7 12.d5 Ne5 13.Nxe5 Bxe5 14.f4 Bg7 15.Be3 O-O
16.g4 Bd7 17.Ne4 Qb8 18.f5 Qe5 19.Qf3 Bb5 20.Rf2 Bc4 21.Bxc4 Nxc4 22.Bf4 Qd4
23.Rd1 Qb6 24.Qh3 Nxb2 25.f6 exf6 26.Rb1 Qd4 27.Rxb2 Qxe4 28.d6 g5 29.Bg3 f5
30.Rxf5 Bxb2 31.Rxg5+ Kh8 32.Bf2 Rg8 33.Qh5 Rxg5 34.Qxg5 Rg8 35.Qh6 Qxg4+
36.Bg3 Qd1+ 37.Kf2 Bd4+ 38.Kg2 Qe2+ 39.Kh3 Qf1+ 40.Kh4 Bf6+  0-1

[Event "4th Kesarovski - Georgiev Memorial"]
[Site "Sunny Beach BUL"]
[Date "2005.09.18"]
[Round "3"]
[White "Jordanov,Nikolay"]
[Black "Dikov,D"]
[Result "1/2-1/2"]
[WhiteElo "2257"]
[BlackElo "2068"]

1.e4 c5 2.c3 Nf6 3.e5 Nd5 4.Nf3 e6 5.d4 cxd4 6.cxd4 a6 7.a3 Nc6 8.Bd3 Qc7
9.O-O d6 10.Qe2 dxe5 11.dxe5 h6 12.Bd2 g5 13.Qe4 Bg7 14.Re1 Bd7 15.Nc3 Nde7
16.b4 Ng6 17.b5 Ncxe5 18.bxa6 Nxd3 19.axb7 Rb8 20.Qxd3 O-O 21.Rab1 Rxb7 22.Rxb7 Qxb7
23.Ne4 Bc6 24.h3 Qa8 25.Bb4 Rd8 26.Qb1 Nf4 27.Re3 Qa4 28.Bd2 Qa8 29.Bb4 f5
30.Nc5 Bd5 31.Kh2 Bf6 32.Qe1 Qc6 33.Qf1 h5 34.g3 Bxf3 35.gxf4 Rd1 36.Re1 Rxe1
37.Qxe1 Kf7 38.Qd2 g4 39.Qd7+ Qxd7 40.Nxd7 Bd4 41.Ne5+ Bxe5 42.fxe5 Kg6 43.Kg3 Be2  1/2-1/2

[Event "10th ECC w"]
[Site "Saint Vincent ITA"]
[Date "2005.09.19"]
[Round "2"]
[White "Gaponenko,I"]
[Black "Cramling,P"]
[Result "1/2-1/2"]
[WhiteElo "2439"]
[BlackElo "2494"]

1.e4 c5 2.c3 Nf6 3.e5 Nd5 4.Nf3 e6 5.d4 cxd4 6.cxd4 d6 7.Bc4 Nb6 8.Bb3 dxe5
9.Nxe5 Nc6 10.Nf3 Be7 11.Nc3 Bf6 12.Be3 Na5 13.Bc2 Nac4 14.Qe2 Bd7 15.Bd3 Rc8
16.O-O O-O 17.Ne4 Be7 18.Ne5 Nxe3 19.fxe3 Be8 20.Rac1 Rxc1 21.Rxc1 Nd5 22.Nc3 Bg5
23.Nxd5 exd5 24.Nf3 Bh6 25.Rc3 Bd7 26.Ne5 Be6 27.Bc2 Re8 28.Qb5 Re7 29.Qc5 a6
30.Bb3 g6 31.h3 Bf8 32.Qa7 f6 33.Nf3 Bf7 34.Kf2 Rd7 35.a4 Bd6 36.Bd1 Kg7
37.Rb3 Qc7 38.Rc3 Bg3+ 39.Kf1 Qd8 40.Rb3 Qe8  1/2-1/2

[Event "EYg18"]
[Site "Herceg Novi SCG"]
[Date "2005.09.21"]
[Round "7"]
[White "Burtasova,A"]
[Black "Lupik,M"]
[Result "0-1"]
[WhiteElo "2239"]
[BlackElo "2200"]

1.e4 c5 2.c3 Nf6 3.e5 Nd5 4.d4 cxd4 5.Nf3 Nc6 6.cxd4 d6 7.Bc4 e6 8.O-O Be7
9.a3 O-O 10.Qe2 Bd7 11.Qe4 Na5 12.Ba2 Bb5 13.Re1 Bc4 14.Bxc4 Nxc4 15.Qg4 Re8
16.b3 Na5 17.Bh6 Bf8 18.Nbd2 Rc8 19.Ne4 f5 20.exf6 Nxf6 21.Nxf6+ Qxf6 22.Bg5 Qf5
23.Qg3 Nxb3 24.Rab1 Rc3 25.Qh4 h6 26.Be3 Qg6 27.d5 Nc5 28.Bxc5 Rxf3 29.Bxa7 Rxa3
30.Rxb7 exd5 31.Rf1 Re4 32.Qd8 Rea4 33.Rb8 Qf5 34.Be3 Ra1 35.g3 Rxf1+ 36.Kxf1 Qf3
37.Ke1 Ra2 38.Qxf8+ Qxf8 39.Rxf8+ Kxf8 40.h4 h5 41.Kf1 Kf7 42.Kg2 Ke6 43.Kf3 Ra4
44.Bd2 Kf5 45.Bc1 Rb4 46.Bd2 Rb3+  0-1